[Event "EU-chT Seniors 15th"]
[Site "Dresden"]
[Date "2013.07.28"]
[Round "9"]
[White "Van Duijn, Roel"]
[Black "Thygesen, Else MS"]
[Result "1-0"]
[WhiteElo "2021"]
[BlackElo "2105"]
[PlyCount "67"]
[EventDate "2013.07.20"]
[EventType "team-swiss"]
[EventRounds "9"]
[EventCountry "GER"]
[SourceTitle "CBM 155 Extra"]
[Source "ChessBase"]
[SourceDate "2013.08.26"]
[SourceVersion "1"]
[SourceVersionDate "2013.08.26"]
[SourceQuality "1"]
[WhiteTeam "Netherlands"]
[BlackTeam "Denmark II"]
[WhiteTeamCountry "NED"]
[BlackTeamCountry "DEN"]

1. e4 c5 2. a3 Nc6 3. b4 b6 4. b5 Nd4 5. c3 Ne6 6. d4 cxd4 7. cxd4 Bb7 8. Nc3 Nf6 9. f3 Qc7 10. Bb2 Qf4 11. Nh3 Qh4+ 12. g3 Qh5 13. Bg2 g5 14. Nf2 Qg6 15. 0-0 h5 16. d5 Nc5 17. e5 Nh7 18. Nce4 Bg7 19. Rc1 d6 20. Nxc5 bxc5 21. Ne4 g4 22. f4 h4 23. Rc2 f5 24. exf6 Nxf6 25. Ng5 hxg3 26. hxg3 Qf5 27. Ne6 Kf7 28. Nxg7 Kxg7 29. Re2 Kf7 30. Rfe1 Rae8 31. Rd2 Rh5 32. Bxf6 Kxf6 33. Re6+ Kf7 34. Be4 1-0

[Event "EU-chT Seniors 15th"]
[Site "Dresden"]
[Date "2013.07.22"]
[Round "3"]
[White "Rychlik, Kurt"]
[Black "Van Duijn, Roel"]
[Result "1/2-1/2"]
[WhiteElo "2098"]
[BlackElo "2021"]
[PlyCount "97"]
[EventDate "2013.07.20"]
[EventType "team-swiss"]
[EventRounds "9"]
[EventCountry "GER"]
[SourceTitle "CBM 155 Extra"]
[Source "ChessBase"]
[SourceDate "2013.08.26"]
[SourceVersion "1"]
[SourceVersionDate "2013.08.26"]
[SourceQuality "1"]
[WhiteTeam "Widukind"]
[BlackTeam "Netherlands"]
[WhiteTeamCountry "GER"]
[BlackTeamCountry "NED"]

1. Nf3 f5 2. g3 Nf6 3. Bg2 g6 4. b3 Bg7 5. Bb2 0-0 6. 0-0 d6 7. d4 c6 8. c4 h6 9. Nc3 Nbd7 10. Qc2 e5 11. e4 Ne8 12. Rad1 Qe7 13. Nh4 Qf7 14. exf5 gxf5 15. d5 c5 16. Bh3 Nb6 17. a4 Bd7 18. a5 Nc8 19. f4 e4 20. Ne2 Ne7 21. Bxg7 Nxg7 22. Nc3 Rad8 23. Rfe1 Qh5 24. Bf1 Rde8 25. Be2 Qf7 26. Rb1 Rb8 27. b4 Rfc8 28. b5 Qf6 29. Rbd1 Ng6 30. Ng2 h5 31. h4 Nf8 32. Rd2 Qg6 33. Kh2 Nh7 34. Nd1 Nf6 35. Nde3 Kf7 36. Rg1 Rg8 37. Nd1 Nge8 38. Nge3 Ng4+ 39. Nxg4 hxg4 40. Ne3 Nf6 41. Qc3 Rh8 42. Bd1 Nh5 43. Rf2 Qh6 44. Rh1 Rbe8 45. Bc2 Qg6 46. Kg2 Rh7 47. Bb1 Reh8 48. Bc2 Qf6 49. Qxf6+ 1/2-1/2

[Event "EU-chT Seniors 15th"]
[Site "Dresden"]
[Date "2013.07.20"]
[Round "1"]
[White "Lenk, Wolfgang"]
[Black "Van Duijn, Roel"]
[Result "1/2-1/2"]
[WhiteElo "2203"]
[BlackElo "2021"]
[PlyCount "53"]
[EventDate "2013.07.20"]
[EventType "team-swiss"]
[EventRounds "9"]
[EventCountry "GER"]
[SourceTitle "CBM 155 Extra"]
[Source "ChessBase"]
[SourceDate "2013.08.26"]
[SourceVersion "1"]
[SourceVersionDate "2013.08.26"]
[SourceQuality "1"]
[WhiteTeam "Germany II"]
[BlackTeam "Netherlands"]
[WhiteTeamCountry "GER"]
[BlackTeamCountry "NED"]

1. e4 e6 2. d4 d5 3. Nc3 Nf6 4. Bg5 Be7 5. e5 Nfd7 6. Bxe7 Qxe7 7. Nf3 a6 8. Be2 c5 9. dxc5 Nc6 10. Na4 Ndxe5 11. Nxe5 Nxe5 12. 0-0 Bd7 13. Nb6 Rd8 14. b4 0-0 15. a4 Be8 16. Re1 Nd7 17. Nxd7 Rxd7 18. Bf3 Qh4 19. Qd2 Rc7 20. Ra3 Bc6 21. g3 Qd8 22. Qd4 Re8 23. c4 Rd7 24. cxd5 Bxd5 25. Bxd5 Rxd5 26. Qc3 Qd7 27. Qf3 1/2-1/2